• 首页
  • 本馆介绍
  • 公告通知
  • 最新文献
  • 馆藏检索
  • 电子资源
  • 读者导购
  • 参考咨询
  • 我的图书馆
  • 登录
  • 详细信息显示
  • 放入我的书架
  • 预约/预借图书
  • 作者相关作品
  • 分类相关作品
  • 丛书相关作品
  • 出版社相关作品

书目信息

  • 表格格式
  • 工作单格式
  • 卡片格式
题名:
几何计算程序68例
    
 
作者: 张斐慕 , 饶艽宗 编著
分册:  
出版信息: 北京   国防工业出版社  1986
页数: 300页
开本: 19cm
丛书名: 中学微电脑应用丛书
单 册:
中图分类: TP319
科图分类:
主题词: 计算几何-程序设计--中学--教学参考资料 , 软件
电子资源:
ISBN:
000 00807nam2 2200289 45
001 0186016643
005 20040629104440.6
010    @dCNY2.00
091    @a15034.3143
100    @a19920919d1986 demy0chiy0121 ea
101 0  @achi
102    @aCN@b110000
105    @ay z 000yy
106    @ar
200 10 @a几何计算程序68例@Aji he ji suan cheng xu 68 li@f张斐慕,饶艽宗编著
210    @a北京@c国防工业出版社@d1986
215    @a300页@d19cm
225 2  @a中学微电脑应用丛书
410  0 @120010@a中学微电脑应用丛书
606    @a计算几何-程序设计@x中学@x教学参考资料
606 0  @a软件
690    @aTP319@v3
701  0 @a张斐慕@Azhang fei mu@4编著
701  0 @a饶艽宗@Arao jiao zong@4编著
801  0 @aCN@b深圳图书馆@c20040514
801  2 @aCN@bNLC@c20040514
905    @dTP319@e23@f1@b203713
    
    几何计算程序68例/张斐慕,饶艽宗编著.-北京:国防工业出版社,1986
    300页;19cm.-(中学微电脑应用丛书)
    
    
    ISBN :CNY2.00
    
●
相关链接 在E读中查询图书 在五车中查询图书 在当当中查询图书 在豆瓣中查询图书


正题名:几何计算程序68例     索取号:TP319/23         预约/预借

序号 登录号 条形码 馆藏地/架位号 状态 备注
1 0203713   001931798   第三借阅区/ [索取号:TP319/23] 在馆    
2 0203714   001333248   第三借阅区/ [索取号:TP319/23] 在馆    
3 0203715   001333275   第二样本阅览室/ [索取号:TP319/23] 在馆    
唐山师范学院图书馆 欢迎您!
大连网信软件有限公司© 版权所有